Cardiff recovery still in full swing (Record no. 79465)

MARC details
000 -LEADER
fixed length control field 00666cab a22001815a 4500
001 - CONTROL NUMBER
control field L141347
008 - FIXED-LENGTH DATA ELEMENTS--GENERAL INFORMATION
fixed length control field 071116s2007 xxkad f s 000 0 eng d
035 ## - SYSTEM CONTROL NUMBER
System control number (Sirsi) u141347
041 0# - LANGUAGE CODE
Language code of text/sound track or separate title eng
100 1# - MAIN ENTRY--PERSONAL NAME
Personal name Thomas, Huw
245 00 - TITLE STATEMENT
Title Cardiff recovery still in full swing
260 ## - PUBLICATION, DISTRIBUTION, ETC.
Date of publication, distribution, etc. 2007
490 ## - SERIES STATEMENT
Series statement Property Forecast
Volume/sequential designation 10(10) October 2007, 9-11(3)
520 ## - SUMMARY, ETC.
Summary, etc. Reports on trends in office investment activity in Cardiff from 1991-2007. Finds that after a downturn in 2005, the market has recovered strongly following record levels of investment.
651 #4 - SUBJECT ADDED ENTRY--GEOGRAPHIC NAME
Geographic name Wales
Chronological subdivision 2007-
690 ## - LOCAL SUBJECT ADDED ENTRY--TOPICAL TERM (OCLC, RLIN)
Topical term or geographic name as entry element PROPERTY-COMMERCIAL PROPERTY-COMMERCIAL PROPERTY MARKET
942 ## - ADDED ENTRY ELEMENTS (KOHA)
Suppress in OPAC 0
Holdings
Withdrawn status Lost status Source of classification or shelving scheme Damaged status Not for loan Home library Current library Shelving location Date acquired Total Checkouts Full call number Barcode Date last seen Copy number Price effective from Koha item type
    Dewey Decimal Classification     London London Journal article 16/11/2007   L141347 141347-1001 06/08/2019 1 06/08/2019 Journal article